Tatabahasa dinamika : berdasarkan tatabahasa dewan

Bibliographic Details
Main Author: Abdullah Hassan
Other Authors: Ainon Mohd
Format: Book
Published: Kuala Lumpur : Utusan Publications & DistributorsSdn.Bhd. , 1994
Subjects:

MARC

LEADER 00000cam a2200000 7i4500
001 0000002481
002 000002704
005 20000330.0
020 |a 9676104779 
090 0 0 |a 499.285   |b ABD 
100 0 |a Abdullah Hassan 
245 1 0 |a Tatabahasa dinamika :   |b berdasarkan tatabahasa dewan   |c Abdullah Hassan dan Ainon Mohd 
260 |a Kuala Lumpur :   |b Utusan Publications & DistributorsSdn.Bhd. ,   |c 1994 
300 |a 363p. :   |b ill ;   |c 21cm. 
650 0 0 |a Malay language   |x Grammar 
650 0 0 |a Malay language   |x Verbs 
700 0 |a Ainon Mohd 
999 |a 036099   |b BUKU   |c PINJAMAN   |e PERPUSTAKAAN KOMUNITI PETALING JAYA 
999 |a 036709   |b BUKU   |c PINJAMAN   |e PERPUSTAKAAN KOMUNITI PETALING JAYA